MANUAL FOR SOCIAL SCIENCE (Record no. 964)
[ view plain ]
| 000 -LEADER | |
|---|---|
| fixed length control field | 00342nam a22001337a 4500 |
| 020 ## - INTERNATIONAL STANDARD BOOK NUMBER | |
| ISBN | 978-81-7739-262-3 |
| 082 ## - DEWEY DECIMAL CLASSIFICATION NUMBER | |
| Classification number | 300 |
| Item number | MIS/S |
| 100 ## - MAIN ENTRY--AUTHOR NAME | |
| Personal name | MUKTA MISRA |
| 245 ## - TITLE STATEMENT | |
| Title | MANUAL FOR SOCIAL SCIENCE |
| Remainder of title | CLASS VIII |
| 260 ## - PUBLICATION, DISTRIBUTION, ETC. (IMPRINT) | |
| Place of publication | DELHI |
| Name of publisher | AVICHAL PUBLISHONG COMPANY |
| Year of publication | 2010 |
| 300 ## - PHYSICAL DESCRIPTION | |
| Number of Pages | 106 |
| 650 ## - SUBJECT ADDED ENTRY--TOPICAL TERM | |
| Topical Term | SOCIAL SCIENCE FOR CLASS VIII |
| Geographic subdivision | INDIA |
| 942 ## - ADDED ENTRY ELEMENTS (KOHA) | |
| Koha item type | Books |
| Withdrawn status | Lost status | Collection code | Home library | Current library | Shelving location | Date acquired | Source of acquisition | Cost, normal purchase price | Full call number | Accession Number | Koha item type |
|---|---|---|---|---|---|---|---|---|---|---|---|
| Reference | Main Library | Main Library | SHELF 7E CLASS 7,8,9 MIX | 28/04/2011 | purchase | 60.00 | 300 MIS/S | 05775 | Books | ||
| Reference | Main Library | Main Library | SHELF 7E CLASS 7,8,9 MIX | 03/06/2011 | purchase | 60.00 | 300 MIS/S | 05917 | Books |